Звичайний вигляд
Перегляд у МАРК
Входження „Topical Term“
Кількість записів, які використовуються: 1
001 - CONTROL NUMBER
- control field: 23307
003 - CONTROL NUMBER IDENTIFIER
- control field: UA-OsUOA
005 - DATE AND TIME OF LATEST TRANSACTION
- control field: 20260227092734.0
008 - FIXED-LENGTH DATA ELEMENTS
- fixed length control field: 260227|| aca||aabn | a|a d
040 ## - CATALOGING SOURCE
- Original cataloging agency: UA-OsUOA
- Transcribing agency: UA-OsUOA
150 ## - HEADING--TOPICAL TERM
- Topical term or geographic name as entry element: Географія. Географічні дослідження Землі та окремих країн. Подорожі. Регіональна географія
670 ## - SOURCE DATA FOUND
- Source citation: Work cat.: (UA-OsUOA)442591: Wolowyna O. 23306, Atlas of the Ukrainians in the United States. Demographic and Socio-economic Characteristics, 2019